Normal view
MARC view
- Jesus Christ
Entry Personal Name
001 - CONTROL NUMBER
- control field: 7703
003 - CONTROL NUMBER IDENTIFIER
- control field: NUST
005 - DATE AND TIME OF LATEST TRANSACTION
- control field: 20171228091127.0
008 - FIXED-LENGTH DATA ELEMENTS
- fixed length control field: 171228|| aca||aabn | a|a d
040 ## - CATALOGING SOURCE
- Original cataloging agency: NUST
- Transcribing agency: NUST
100 ## - HEADING--PERSONAL NAME
- Personal name: Jesus Christ
- General subdivision: Person and offices.
670 ## - SOURCE DATA FOUND
- Source citation: Work cat.: (NUST)0: Johnson, Luke Timothy. 7702, Living Jesus :, 1999.
